LEADER 01240nam a2200289 u 4500 001 000000081496 003 CaOOAMICUS 005 20070226123748.0 008 050323s1930 it u000 u ita u 035 $a11035757 040 $aPUL(R)$bita 041 1 $aita$hlat 100 0 $aAnselmus,$cs., arciv. di Canterbury,$d1033-1109.$0(OLS)http://pul/name/1887 240 10$aMonologion$9(Anselmus, s., arciv. di Canterbury, 1033-1109).$lItaliano.$0(OLS)http://pul/title/106535 245 10$aMonologio /$cS. Anselmo ; versione di A. Rossi ; con prefazione di Giovanni Boine. 260 $aLanciano :$bCarabba,$c1930. 300 $a120 p. ;$c19 cm 490 1 $aCultura dell'anima ;$v29 700 1 $aRossi, A.$0(OLS)http://pul/name/54311 700 1 $aBoine, Giovanni,$d1887-1917.$0(OLS)http://pul/name/54312 830 0$aCultura dell'anima (Carabba) ;$v29.$0(OLS)http://pul/title/12231 850 $aPUL 852 $aPUL$W1$xDP1 Fondo Cecchetti$y53$m260 N 91$j103939$nBK-PRI$b $qFondi$B103939$CPULBib$Z2$F103939 $82 900 $aAnselmo,$cd'Aosta, s., arciv. di Canterbury,$d1033-1109$91887 941 1 $a1 996 $6245$aMonologio$9(OLS)http://pul/title/10670 996 $6260$aLanciano :$bCarabba$9(OLS)http://pul/publisher/51250 LEADER 01328nam a2200277 u 4500 001 000000114599 003 CaOOAMICUS 005 20090216152900.0 008 090216s2007 it a u000 u ita r 020 $z978-88-7402-335-6* 040 $aPUL$bita$dLDB 100 1 $aViganò, Dario Edoardo,$csacerdote,$d1962-$0(OLS)http://pul/name/38000 245 12$aL'adesso del domani :$brifigurazioni della speranza nel cinema moderno e contemporaneo /$cDario Edoardo Viganò, Giovanni Scarafile. 260 $aCantalupa (To) :$bEffatà,$cc2007. 300 $a94 p. :$bill. ;$c18 cm 490 1 $aOcchio dell'anima 504 $aBibliografia in nota. 650 14$aCinematografia$xAspetti morali e religiosi.$0(OLS)http://pul/subject/23480 700 1 $aScarafile, Giovanni.$0(OLS)http://pul/name/58328 830 0$aOcchio dell'anima.$0(OLS)http://pul/title/144012 850 $aPUL 852 $aPUL$W1$xSL Cons. Gen., Altre Classi 3$y75$m791. 43 VIGDA 1$j131031$qDDC 21$B130034$CPULBib$Z2$F130034 $H109585 $82 941 1 $a9 996 $6020$z978-88-7402-335-6*$9(OLS)http://pul/number/139702 996 $6245$aL'adesso del domani :$brifigurazioni della speranza nel cinema moderno e contemporaneo$9(OLS)http://pul/title/144011 996 $6260$aCantalupa (To) :$bEffatà$9(OLS)http://pul/publisher/68547